|
|
|
|
| LEADER |
05480nam a22005295i 4500 |
| 001 |
978-3-319-94283-4 |
| 003 |
DE-He213 |
| 005 |
20210618205043.0 |
| 007 |
cr nn 008mamaa |
| 008 |
181228s2019 gw | s |||| 0|eng d |
| 020 |
|
|
|a 9783319942834
|9 978-3-319-94283-4
|
| 024 |
7 |
|
|a 10.1007/978-3-319-94283-4
|2 doi
|
| 050 |
|
4 |
|a GE1-350
|
| 072 |
|
7 |
|a RNP
|2 bicssc
|
| 072 |
|
7 |
|a SCI026000
|2 bisacsh
|
| 072 |
|
7 |
|a RNP
|2 thema
|
| 082 |
0 |
4 |
|a 577.14
|2 23
|
| 245 |
1 |
0 |
|a Groundwater in the Nile Delta
|h [electronic resource] /
|c edited by Abdelazim M. Negm.
|
| 250 |
|
|
|a 1st ed. 2019.
|
| 264 |
|
1 |
|a Cham :
|b Springer International Publishing :
|b Imprint: Springer,
|c 2019.
|
| 300 |
|
|
|a XVII, 760 p. 376 illus., 289 illus. in color.
|b online resource.
|
| 336 |
|
|
|a text
|b txt
|2 rdacontent
|
| 337 |
|
|
|a computer
|b c
|2 rdamedia
|
| 338 |
|
|
|a online resource
|b cr
|2 rdacarrier
|
| 347 |
|
|
|a text file
|b PDF
|2 rda
|
| 490 |
1 |
|
|a The Handbook of Environmental Chemistry,
|x 1867-979X ;
|v 73
|
| 505 |
0 |
|
|a An Overview of Groundwater resources In the Nile Delta aquifer -- Land and Groundwater Resources in the Egypt’s Nile Valley, Delta and its Fringes -- Use of Groundwater in Nile Alluvial Soils and Their Fringes -- Ground water and agriculture in the Nile Delta -- Sedimentological Characteristics of the Quaternary Groundwater Aquifer, Northwestern Nile Delta, Egypt -- Hydrogeophysical Characteristics of the central Nile Delta aquifer -- Resistivity Characterization of Aquifer In Coastal Semi Arid-Areas: An Approach For Hydrogeological Evaluation -- Hydrogeophysical Investigations at El-Nubariya -Wadi El-Natrun Area, West Nile Delta, Egypt -- Salinization and Origin of the Coastal Shallow Groundwater Aquifer, Northwestern Nile Delta, Egypt -- Soil Aquifer Treatment System Design Equation for Organic Micropollutant Removal -- Investigation of Saltwater Intrusion in Coastal Aquifers -- Control of saltwater intrusion in coastal aquifers -- 1D subsurface temperature profiles to characterize the groundwater flow system in the northwestern part of the Nile Delta, Egypt -- Use of Geoelectrical Resistivity to Delineate the Seawater Intrusion in the Northwestern Part of the Nile Delta, Egypt -- Integrated Subsurface Thermal Regime and Hydrogeochemical Data to Delineate the Groundwater Flow System and Seawater Intrusion in the Middle Nile Delta, Egypt -- Integrated Groundwater Modeling for Simulation Saltwater Intrusion in the Nile Delta Aquifer, Egypt -- Groundwater Modeling and Assessment under Uncertain Hydrological Conditions for Egyptian Sahara -- Groundwater Potential in the New Valley South West the Nile Delta in Egypt -- Hydrogeochemistry and Quality Assessment of Groundwater Under Some Central Nile Delta Villages, Egypt -- Assessment of the Groundwater Quality for Drinking and Irrigation -- Purposes in the Central Nile Delta Region, Egypt -- Groundwater Management for Sustainable Development East of the Nile Delta Aquifer -- Groundwater Management for Sustainable Development Plans for the Western Nile Delta -- Conclusions and Recommendations.
|
| 520 |
|
|
|a This unique volume offers an up-to-date overview of all the main aspects of groundwater in the Nile Delta and its fringes, as well as latest research findings. The themes covered include: · Nile Delta aquifer formation and its characteristics · The use of the groundwater in the Nile Delta and its implications · Sedimentology and hydrogeophysical characteristics · Groundwater investigations and aquifer characterization using current direct resistivity and induced polarization · Groundwater contamination and degradation · Saltwater intrusion and its control · Delineation of groundwater flow and seawater intrusion using various techniques, including one-dimensional subsurface temperature profiles, geoelectrical resistivity, and integrated subsurface thermal regime and hydrogeochemical data · Modeling of groundwater and of saltwater intrusion in the Nile Delta aquifer · Excessive pumping and groundwater quality assessment for irrigation and drinking purposes · Groundwater management for sustainability in the Nile Delta. The volume appeals to postgraduate students, researchers, scientists, professionals, decision makers and planners.
|
| 650 |
|
0 |
|a Environmental chemistry.
|
| 650 |
|
0 |
|a Hydrology.
|
| 650 |
|
0 |
|a Hydrogeology.
|
| 650 |
|
0 |
|a Water pollution.
|
| 650 |
1 |
4 |
|a Environmental Chemistry.
|0 https://scigraph.springernature.com/ontologies/product-market-codes/U15000
|
| 650 |
2 |
4 |
|a Hydrology/Water Resources.
|0 https://scigraph.springernature.com/ontologies/product-market-codes/211000
|
| 650 |
2 |
4 |
|a Hydrogeology.
|0 https://scigraph.springernature.com/ontologies/product-market-codes/G19005
|
| 650 |
2 |
4 |
|a Waste Water Technology / Water Pollution Control / Water Management / Aquatic Pollution.
|0 https://scigraph.springernature.com/ontologies/product-market-codes/U35040
|
| 700 |
1 |
|
|a Negm, Abdelazim M.
|e editor.
|4 edt
|4 http://id.loc.gov/vocabulary/relators/edt
|
| 710 |
2 |
|
|a SpringerLink (Online service)
|
| 773 |
0 |
|
|t Springer Nature eBook
|
| 776 |
0 |
8 |
|i Printed edition:
|z 9783319942827
|
| 776 |
0 |
8 |
|i Printed edition:
|z 9783319942841
|
| 830 |
|
0 |
|a The Handbook of Environmental Chemistry,
|x 1867-979X ;
|v 73
|
| 856 |
4 |
0 |
|u https://doi.org/10.1007/978-3-319-94283-4
|
| 912 |
|
|
|a ZDB-2-EES
|
| 912 |
|
|
|a ZDB-2-SXEE
|
| 950 |
|
|
|a Earth and Environmental Science (SpringerNature-11646)
|
| 950 |
|
|
|a Earth and Environmental Science (R0) (SpringerNature-43711)
|